Globalizácia ekonomického vývoja významne vplýva na súťažnú a obchodnú politiku

Spoločné zasadanie výboru OECD pre konkurenciu a výboru pre obchodnú výmenu k pochopeniu mondializácie alebo globalizácie zo strany štátov a ich schopnosti reagovať na tieto nové prvky. Podstata a vplyvy mondializácie. Vznik silno konkurenčného systému v nadnárodnom rozsahu, potreba prispôsobiť sa m...

Descrizione completa

Salvato in:
Dettagli Bibliografici
Autore principale: Zemanovičová, Daniela
Natura: Capitolo di libro
Lingua:slovacco
Soggetti:
Tags: Aggiungi Tag
Nessun Tag, puoi essere il primo ad aggiungerne!!

MARC

LEADER 00000naa a2200000 4500
001 r015947
005 20220928112747.6
041 0 |a slo 
044 |a SK 
245 1 0 |a Globalizácia ekonomického vývoja významne vplýva na súťažnú a obchodnú politiku  |c Daniela Zemanovičová 
520 |a Spoločné zasadanie výboru OECD pre konkurenciu a výboru pre obchodnú výmenu k pochopeniu mondializácie alebo globalizácie zo strany štátov a ich schopnosti reagovať na tieto nové prvky. Podstata a vplyvy mondializácie. Vznik silno konkurenčného systému v nadnárodnom rozsahu, potreba prispôsobiť sa mu hlavne v rozvíjajúcich sa ekonomikách a v ich vládach. Charakteristika mondializácie, liberalizácia a zmena zasahovania štátov. Väzby konkurenčnej a obchodnej politiky. Ochrana súťaže. Zbližovanie národných pravidiel súťažnej politiky. 
610 2 0 |a globalizácia hospodárstva 
610 2 0 |a mondializácia 
610 2 0 |a politika hospodárska 
610 2 0 |a štát 
610 2 0 |a regulácia hospodárska 
610 2 0 |a konkurencia medzinárodná 
610 2 0 |a súťaž hospodárska 
610 2 0 |a protekcionizmus 
610 2 0 |a liberalizácia 
610 2 0 |a politika zahraničnoobchodná 
610 2 0 |a politika obchodná 
610 2 0 |a OECD 
610 2 0 |a konferencie 
610 2 0 |a Paríž 
610 2 0 |a 1994 
610 2 0 |a júl 
610 2 0 |a vláda 
100 1 |a Zemanovičová, Daniela